| 000 | 00617nam a22002177a 4500 | ||
|---|---|---|---|
| 005 | 20220329092407.0 | ||
| 008 | 220328b ||||| |||| 00| 0 eng d | ||
| 020 | _a8171677541 | ||
| 040 | _cAL | ||
| 041 | _aEnglish | ||
| 082 |
_223 _a338.954 _bJHAJ |
||
| 100 |
_aPrem Shankar Jha _926396 |
||
| 245 | _aJobless Future: Political Causes of Economic Crisis | ||
| 260 |
_aNew Delhi _bRupa Co _c2002 |
||
| 300 |
_a89 p. _bPB _c19.5x13 cm. |
||
| 365 |
_b₹95.00 _c₹ _d₹95.00 |
||
| 650 |
_aPolitical Causes _926397 |
||
| 650 |
_aEconomic Crisis _926398 |
||
| 700 |
_aJHA (Prem Shankar) _926239 |
||
| 942 |
_2ddc _cGF |
||
| 999 |
_c222054 _d222054 |
||